00290nam a2200109 a 4500008004100000050001600041100001800057245005000075246003700125260000900162350000900171120416s1971 xx |||||||||||||| || u aD 412.6 Per aTayar, Graham10aPersonality and powercedited by Graham Tayar astudies in political achievement c1971 a0.00